00831nam a2200241 a 450000100060000000300080000600500170001400800410003103500190007204000350009104100080012608200240013424500730015826000610023130000330029249000590032550000190038465000280040370000330043170000310046471000350049583000590053070241BD-RjUL20211209081958.0170416s1960 us a 101 0 eng d a(BD-RjUL)70455 aBD-RjULbengcBD-RjULdBD-RjUL aeng 223a511.6bCOM 196010aCombinatorial analysis /cRichard Bellman and Marshall Hall, editors aProvidence, R.I :bAmerican Mathematical Society,c1960. avi, 311 p. :bill. ;c26 cm.1 aProceedings of symposia in applied mathematics ;vv.10 aIncludes index 0aCombinatorial analysis.1 aBellman, Richard,d1920-19841 aHall, Marshall,d1910-19902 aAmerican Mathematical Society. 0aProceedings of symposia in applied mathematics ;vv.10